The polar world: a popular description of man and nature in the Arctic and Antarctic regions of the globe.

Furkejuvvon:
Bibliográfalaš dieđut
Váldodahkki: Hartwig, G
Materiálatiipa: Girji
Giella:eaŋgalasgiella
Almmustuhtton: London, England, United Kingdom Longmans, Green, and Co 1881
Preanttus:Segunda edición
Fáttát:
Fáddágilkorat: Lasit fáddágilkoriid
Eai fáddágilkorat, Lasit vuosttaš fáddágilkora!

MARC

LEADER 00000nam a2200000 a 4500
001 UCJ4999
003 CL-VaPUC
005 20250304110151.0
008 070124e18810000UK |||||||||||||||||eng|d
999 |c 321113  |d 321111 
040 |c Pontificia Universidad Católica de Valparaíso 
082 0 4 |a 910.4 HAR 1881  |2 21 
100 |a Hartwig, G  |9 509633 
245 1 4 |a The polar world: a popular description of man and nature in the Arctic and Antarctic regions of the globe. 
250 |a Segunda edición 
260 0 3 |a London, England, United Kingdom  |b Longmans, Green, and Co  |c 1881 
300 |a 572 páginas. 
500 |a 8°.- Anteport.- v.: Pié de imprenta.- Front.: Erebus y Terror navegando entre los hielos.- Port.- v. en b.- Al final, 24 p. de libros en venta 
583 |a last modification  |c 20130628 04:35:32  |k Rodrigo Vera 
600 0 7 |a STELLER, GEORGE WILLIAM  |2 CL-VaPUC  |9 509634 
600 0 7 |a CASTREN, MATIAS ALEJANDRO  |2 CL-VaPUC  |9 509635 
650 0 |a Viajes  |9 257115 
650 0 |a Geografía  |9 259346 
650 0 |a Clima  |9 265281 
650 7 |a GLACIOLOGIA  |2 CL-VaPUC  |9 330910 
650 7 |a FLORA  |2 CL-VaPUC  |9 264745 
650 7 |a FAUNA  |2 CL-VaPUC  |9 349523 
650 0 |a Recursos naturales  |9 255232 
650 0 |a Población  |9 257577 
650 0 |a Aborígenes  |9 329972 
650 7 |a ESQUIMALES  |2 CL-VaPUC  |9 441373 
650 7 |a SAMOYEDOS  |2 CL-VaPUC  |9 509636 
650 7 |a RUSOS  |2 CL-VaPUC  |9 509637 
650 7 |a LAPONES  |2 CL-VaPUC  |9 509295 
650 0 |a Fueguinos  |9 417010 
650 0 |a Descubrimientos geográficos  |9 331933 
650 0 |a Expediciones científicas  |9 265222 
650 7 |a PIRATAS NORDICOS  |2 CL-VaPUC  |9 509638 
650 0 |a Mapas  |9 260844 
650 0 |a Ilustraciones  |9 369481 
650 7 |a EX LIBRIS  |2 CL-VaPUC  |9 505186 
650 0 |a Libros en venta  |9 509639 
650 7 |a BIBLIOGRAFIA  |2 CL-VaPUC  |9 256175 
651 7 |a POLO NORTE  |2 CL-VaPUC  |9 310897 
651 7 |a REGION ARTICA  |2 CL-VaPUC  |9 366377 
651 7 |a LAPONIA  |2 CL-VaPUC  |9 505757 
651 7 |a NUEVA ZEMBLA  |2 CL-VaPUC  |9 509640 
651 0 |a Rusia   |9 256106 
651 7 |a SIBERIA  |2 CL-VaPUC  |9 357887 
651 7 |a NORUEGA  |2 CL-VaPUC  |9 268907 
651 7 |a ISLANDIA  |2 CL-VaPUC  |9 377902 
651 7 |a GROENLANDIA  |2 CL-VaPUC  |9 393402 
651 7 |a ALASKA  |2 CL-VaPUC  |9 359248 
651 0 |a Polo Sur   |9 262122 
651 0 |a Antártica (Antártida)  |9 324088 
651 0 |a Estrecho de Magallanes  |9 354479 
651 0 |a Patagonia  |9 269580 
651 0 |a Tierra del Fuego   |9 345728 
942 |c BK  |2 ddc 
945 |d 20070124 00:00:00  |a rinostro 
952 |0 0  |1 0  |2 ddc  |4 0  |6 910_400000000000000_HAR_1881  |7 0  |8 X  |9 399779  |a FDOBUD  |b FDOBUD  |d 2019-11-22  |i 1028693  |o 910.4 HAR 1881  |p 1028693  |r 2019-11-22  |t 1  |w 2019-11-22  |y BK_X  |k BUD